000 01191nam a22002657a 4500
005 20170124103048.0
010 _aA-717971
020 _c95.00
035 _aA-717971
037 _bCen Lib/Ret
040 _aDPL
_bHN
082 _a
_bकुर्रतु
100 _aकुर्रतुल-ऐन हैदर
_969864
245 _aनिशान्त के सहयात्री /
_cकुर्रतुल-ऐन हैदर; अनुवादक असगर वजाहत
246 _aNishant ke sahyatri /
_bby Qurratul-Ain Haider; anuvadak Asgar Wazahat
260 _aनयी दिल्ली
_bभारतीय ज्ञानपीठ प्रकाशन
_c1994
270 _bनयी दिल्ली
_e110003
_a18, इनस्टट्युशनलएरिया, लोधी रोड
300 _a344पृ.
_c21सेमी (सजिल्द)
650 _aउर्दू साहित्य
_969865
650 _aउपन्यास
_969866
650 _aUrdu literature
_969867
650 _aFiction
_98901
700 _aवजाहत, असगर
_969868
942 _2ddc
_cHN
_h
_mकुर्रतु
999 _c117061
_d117061